Tratado de filosofía /

Gespeichert in:
Bibliographische Detailangaben
1. Verfasser: Hessen, Johannes (autor)
Weitere Verfasser: Vázquez, Juan Adolfo (traducción) (traducción)
Format: Buch
Sprache:Spanisch
Veröffentlicht: Buenos Aires, Argentina : Editorial Sudamericana, 1970
Schlagworte:
Tags: Tag hinzufügen
Keine Tags, Fügen Sie das erste Tag hinzu!

MARC

LEADER 00000nam^a2200000^a^4500
001 000000957
005 20250521000000.0
009 20260310083048.522
037 |a Acervo ITESO - Biblioteca 
041 |a ESP 
082 |a 100.  |b HES 
100 |a Hessen, Johannes  |e (autor) 
240 1 1 |a [Tratado de filosofía] 
245 1 0 |a Tratado de filosofía /  |c J. Hessen ; tr. por J.A. Vázquez. 
264 1 |a Buenos Aires, Argentina :  |b Editorial Sudamericana,  |c 1970 
300 |a 1133 p. 
336 |a texto  |b txt  |2 rdacontenido 
337 |a sin mediación  |b n  |2 rdamedio 
338 |a volumen  |b nc  |2 rdasoporte 
500 |a Traducción de: Lehrbuch der Philosophie 
649 |a XX 
650 |a Filosofía -  |x Generalidades 
700 |a Vázquez, Juan Adolfo  |e (traducción) 
910 |a Fondo General 
920 |a Impresos - Libros 
930 |a Colección General 
905 |a 101 
901 |a 0009570100  |b IT1  |c ACC  |i 000957  |u 20250521 
902 |a https://opac.biblio.iteso.mx/vufind/Record/000000957